000 00715cab a2200217 4500
001 WB3303-28
008 090401t1997 xxu||||| |||| 00| 0 eng d
035 _a(Sirsi) u26551
041 _aeng
245 _aFacilities advice unit
260 _c1997
350 _a0
490 _aProperty Week
_v58(2) 17 January 1997, 6(1)
520 _aRichard Ellis is setting up a separate facilities management consultancy unit which will offer advice on FM issues to property owners and occupiers. The unit will not provide FM services.
650 _aFACILITIES MANAGEMENT
_96240
650 _aPROPERTY ADVICE
650 _aCBRE
690 _aOFFICE SERVICES AND ADMINISTRATION
942 _n0
948 _c04/03/1997
999 _c17852
_d17852